00853nam a2200289Ia 4500008004100000020001800041050001000059050001400069100002100083245002300104245004300127245002400170260001800194260001800212260000900230300001600239300002000255300001000275500004800285650002200333650003000355650001700385650002100402700001100423999001900434952011000453171025s9999 xx 000 0 und d a9780071327053 a650.1 bF911 2007 aFriedmann, Susan aRiches in niches : bhow to make it big in a small market / cby Susan Friedmann. aPhilippines : bCareer Press, c2007 a256 pages : billustrations ; c21cm. aIncludes bibliographic reference and index. aEntrepreneurship. aNew business enterprises. aSelf-help -- xTime management. aTitle. c344729d344729 001040aSSISMbSSISMd2017-10-25l0oNF 650.11 F911 2007pSSISM3782r2017-10-25 00:00:00w2017-10-25yBK